000 00505nam a2200169 i 4500
001 89936
003 ES-MaACL
005 20230906180315.0
007 t|
008 050117s1934 sp ||||1| spa d
100 1 _aLayna Serrano, Francisco.
_970767
245 1 0 _aCompendio descriptivo e histórico de Brihuega (Guadalajara) /
_cpor Francisco Layna Serrano.
260 _aMadrid :
_bNuevas Gráficas,
_c1934.
300 _a16 p.
651 4 _aBrihuega-
_xHistoria.
_9157655
852 _aES-MaACL
_j1819-F-5
999 _c89936
_d89936